000 00959nas a2200313 4500
001 BR2022000943
003 BR-BrBNA
005 20231205132324.0
007 ta
008 230509b bl.|||p| |||| 00| 00por d
040 _aBR-BrBNA
_bpor
_cBiblioteca Nacional de Agricultura
041 _a(En)
072 _aH50
100 1 _aVital, R.G.
100 1 _aJakelaitis, A.
100 1 _aCosta, A.C.
100 1 _aSilva, F.B.
100 1 _aBatista, P.F.
245 1 _aSunflower plant response to simulated drift of glyphosate and trinexapac-ethyl
650 _aHELIANTHUS ANNUUS
650 _aGIRASSOL
650 _aFITOTOXICIDADE
650 _aHERBICIDA
650 _aREGULADOR DE CRESCIMENTO
773 0 _tPlanta Daninha (Brazil)
_xISSN 1806-9681
_g(2017), v. 35 p. 1-13
_wBR2022000943
856 4 0 _uhttps://www.scielo.br/j/pd/a/QNk7Kv4WXc46yT8MQHqfNqq/?format=pdf lang=en
909 _a202311
_bLúcia
_c55
_dLúcia Elande
942 _2AGRIS
_n0
_cANA
999 _c259689
_d259689